000 01048cam a2200325 4500
001 1652
003 BD-RjUL
005 20211208233359.0
008 131208s1970 enk b 001 0 eng
020 _a0521078490
035 _a(BD-RjUL)1697
040 _aDLC
_cDLC
_dDLC
_dBD-RjUL
_beng
041 _aeng
082 0 0 _a955.902
_bSHA
100 1 _aShaban, M. A.
_95463
245 1 4 _aThe ʻAbbasid revolution /
_c[by] M. A. Shaban.
260 _aCambridge :
_bUniversity Press,
_c1970.
300 _axxii, 181 p.;
_c22 cm.
350 _a£4/8/-
_a$14.50 (U.S.)
504 _aBibliography: p. 169-176.
600 3 0 _aUmayyad dynasty.
_9116535
650 0 _aAbbasids.
_95465
650 0 _aArabs
_zIran
_zKhurasan.
_95466
651 0 _aKhurasan (Iran)
_xHistory.
_95467
856 4 2 _3Publisher description
_uhttp://www.loc.gov/catdir/enhancements/fy1004/75112474-d.html
856 4 1 _3Table of contents only
_uhttp://www.loc.gov/catdir/enhancements/fy1004/75112474-t.html
942 _2ddc
_cBK
999 _c1652
_d1652